00410nam a2200145Ia 450000100060000000800410000602000180004704000130006508200150007810000190009324500890011226000450020130000110024654600070025771669160401s9999 xx 000 0 und d a9788418391142 cPK-LaUMT a 712bLAN- aManaugh, Geoff aLandscape futuresbinstruments, devices and architectural inventionscManaugh, Geoff aNevada,USA:bNevada Museum of Art,c2011 a306 p. aEN